[Event "Belgrade-chT Quality"]
[Site "Belgrade"]
[Date "2021.10.23"]
[Round "3.8"]
[White "Zecevic, Savic"]
[Black "Simic, Ljubomir"]
[Result "1-0"]
[WhiteElo "1690"]
[BlackElo "1645"]
[PlyCount "60"]
[EventDate "2021.10.16"]
[EventType "team-tourn"]
[EventRounds "11"]
[EventCountry "SRB"]
[SourceTitle "EXT 2023"]
[Source "ChessBase"]
[SourceDate "2022.10.05"]
[SourceVersion "1"]
[SourceVersionDate "2022.10.05"]
[SourceQuality "1"]
[WhiteTeam "Belgrade Zemun"]
[BlackTeam "Belgrade Cirilo i Metodije"]
[WhiteTeamCountry "SRB"]
[BlackTeamCountry "SRB"]

1. Nf3 d6 2. d4 c6 3. Bf4 Nf6 4. e3 Nbd7 5. Bd3 Qa5+ 6. Qd2 Qxd2+ 7. Nbxd2 Nh5 8. Bg3 g6 9. 0-0-0 Bg7 10. c3 Nxg3 11. hxg3 Nf6 12. e4 Ng4 13. Rdf1 h5 14. Nh2 Nf6 15. e5 Nd7 16. f4 Nb6 17. Nhf3 Bg4 18. Nh2 Be6 19. Ndf3 Bh6 20. Re1 0-0-0 21. Nf1 Kb8 22. Ne3 Nc4 23. Kc2 Nxe3+ 24. Rxe3 Bg4 25. Rf1 Rc8 26. b4 a6 27. Ree1 Ka7 28. Nh2 Bf5 29. Nf3 Bxd3+ 30. Kxd3 e6 1-0